Países con mayor arsenal nuclear - Estadísticas

Estadísticas generales
  • Esta prueba ha sido intentada 47 veces
  • La puntuación promedio es 8 de 9
Estadísticas de respuestas
Numero de cohetes País % Correcto
30 Corea del norte
100%
5.244 Estados Unidos
100%
5.889 Rusia
100%
410 China
98%
290 Francia
95%
225 Reino Unido
95%
164 India
85%
170 Pakistan
85%
90 Israel
76%
No se encontraron pruebas coincidentes
Distribución de puntuación
Porcentaje de gente con cada puntuación
Porcentaje por número respondido
Historial de tus puntuaciones
No has intentado esta prueba.